National League - Former & Defunct Teams - Statistics

General Stats
  • This quiz has been taken 7 times
  • The average score is 18 of 39
Answer Stats
Years Active Location(s) Statuses Answer % Correct
1998-Present Phoenix Current MLB team Arizona Diamondbacks
100%
1876-Present Boston / Milwaukee / Altanta Current MLB team Boston Red Caps / Boston Beaneaters / Boston Doves / Boston Rustlers / Boston Braves / Boston Bees / Milwaukee Braves / Atlanta Braves
100%
1876-Present Chicago Current MLB team Chicago White Stockings / Chicago Colts / Chicago Orphans / Chicago Cubs
100%
1876-1879 Cincinnati Disbanded Cincinnati Reds
100%
1890-Present Cincinnati Transferred from AA; current MLB team Cincinnati Reds / Cincinnati Redlegs
100%
1993-Present Denver Current MLB team Colorado Rockies
100%
1993-Present Miami Current MLB team Florida Marlins / Miami Marlins
100%
1962-2012 Houston Transferred to AL West; current MLB team Houston Colt .45s / Houston Astros
100%
1998-Present Milwaukee Transferred from AL Central; current MLB team Milwaukee Brewers
100%
1969-Present Montreal, CA / Washington D.C. Current MLB team Montreal Expos / Washington Nationals
100%
1883-Present New York / San Francisco Current MLB team New York Gothams / New York Giants / San Francisco Giants
100%
1962-Present New York Current MLB team New York Mets
100%
1969-Present San Diego Current MLB team San Diego Padres
100%
1892-Present St. Louis Transferred from AA; current MLB team St. Louis Browns / St. Louis Perfectos / St. Louis Cardinals
100%
1886-1889 Washington D.C. Folded Washington Nationals
100%
1890-Present Brooklyn / Los Angeles Transferred from AA; current MLB team Brooklyn Bridegrooms / Brooklyn Grooms / Brooklyn Superbas / Brooklyn Trolley Dodgers / Brooklyn Dodgers / Brooklyn Robins / Los Angeles Dodgers
83%
1883-Present Philadelphia Current MLB team Philadelphia Quakers / Philadelphia Phillies / Philadelphia Phils
83%
1887-Present Allegheny Transferred from AA; current MLB team Pittsburgh Alleghenys / Pittsburgh Pirates
67%
1892-1899 Baltimore Transferred from AA; folded Baltimore Orioles
33%
1879-1885 Buffalo Transferred to Minor League baseball Buffalo Bisons
0%
1880 Cincinnati Expelled by NL because they refused to sign a pledge to ban alcohol at ballparks. Cincinnati Stars
0%
1879-1884 Cleveland Folded Cleveland Blues
0%
1889-1899 Cleveland Transferred from AA; folded Cleveland Spiders
0%
1881-1888 Detroit Folded Detroit Wolverines
0%
1876-1877 Hartford / Brooklyn Folded Hartford Dark Blues / Brooklyn Hartfords
0%
1878 Indianapolis Folded Indianapolis Blues
0%
1886 Kansas City Folded Kansas City Cowboys
0%
1892-1899 Louisville Transferred from AA; folded Louisville Colonels
0%
1876-1877 Louisville Folded Louisville Grays
0%
1878 Milwaukee Folded Milwaukee Grays
0%
1876 New York Expelled by NL New York Mutuals
0%
1876 Philadelphia Expelled by NL Philadelphia Athletics
0%
1878-1885 Providence Folded Providence Grays
0%
1876-1877 St. Louis Folded St. Louis Brown Stockings
0%
1885-1889 St. Louis / Indianapolis Transferred from UA; folded St. Louis Maroons / Indianapolis Hoosiers
0%
1879 Syracuse Folded Syracuse Stars
0%
1879-1882 Troy Folded Troy Trojans
0%
1892-1899 Washington D.C. Transferred from AA; folded Washington Senators
0%
1880-1882 Worcester Folded Worcester Worcesters
0%
No matching quizzes found
Score Distribution
Percent of People with Each Score
Percentile by Number Answered
Your Score History
You have not taken this quiz